<?xml version="1.0" encoding="UTF-8"?>
<collection xmlns="http://www.loc.gov/MARC21/slim">
 <record>
  <leader>00488pamaa2200169   4500</leader>
  <controlfield tag="001">0000013994</controlfield>
  <controlfield tag="005">20060626090000.0</controlfield>
  <datafield tag="020" ind1="0" ind2="0">
   <subfield code="a">0412723301 </subfield>
  </datafield>
  <datafield tag="082" ind1=" " ind2=" ">
   <subfield code="a">667.6 BEN 1988</subfield>
  </datafield>
  <datafield tag="090" ind1="0" ind2="0">
   <subfield code="a">TP935 </subfield>
   <subfield code="b">BEN 1988</subfield>
  </datafield>
  <datafield tag="100" ind1="1" ind2="0">
   <subfield code="a">BENTLEY </subfield>
  </datafield>
  <datafield tag="245" ind1="1" ind2="0">
   <subfield code="a">Introduction to paint chemistry and principles of paint technology  </subfield>
   <subfield code="c">J. Bentley and G.P.A. Turner.</subfield>
  </datafield>
  <datafield tag="250" ind1="0" ind2="0">
   <subfield code="a">4th ed.</subfield>
  </datafield>
  <datafield tag="260" ind1="0" ind2="0">
   <subfield code="a">London: </subfield>
   <subfield code="b">Chapman &amp; Hall, </subfield>
   <subfield code="c">1988.</subfield>
  </datafield>
  <datafield tag="300" ind1=" " ind2=" ">
   <subfield code="a">xi, 281p.: </subfield>
   <subfield code="b">24cm.</subfield>
  </datafield>
  <datafield tag="650" ind1="0" ind2="0">
   <subfield code="a">Paint technology </subfield>
  </datafield>
  <datafield tag="700" ind1="1" ind2="1">
   <subfield code="a">Turner, </subfield>
   <subfield code="h">G.P.A. </subfield>
  </datafield>
 </record>
</collection>
